[Event "Topusko op 4th"]
[Site "Topusko"]
[Date "2015.08.06"]
[Round "7"]
[White "Brigljevic, Iva Mila"]
[Black "Novak, Vjekoslav"]
[Result "1/2-1/2"]
[WhiteElo "1894"]
[BlackElo "1733"]
[PlyCount "58"]
[EventDate "2015.08.01"]
[EventType "swiss"]
[EventRounds "9"]
[EventCountry "CRO"]
[SourceTitle "CBM 167 Extra"]
[Source "ChessBase"]
[SourceDate "2015.09.14"]
[SourceVersion "1"]
[SourceVersionDate "2015.09.14"]
[SourceQuality "1"]

1. d4 f5 2. Nc3 Nf6 3. Bg5 e6 4. e4 fxe4 5. Nxe4 Be7 6. Bxf6 Bxf6 7. Qh5+ g6 8. Nxf6+ Qxf6 9. Qe5 Qxe5+ 10. dxe5 Nc6 11. Nf3 b6 12. Bb5 Bb7 13. 0-0 0-0 14. Rad1 a6 15. Ba4 b5 16. Bb3 Rxf3 17. Rxd7 Rxb3 18. axb3 Rc8 19. f4 Nb8 20. Re7 Bd5 21. g4 Nc6 22. Rd7 b4 23. Rc1 Nd4 24. Kf2 Rf8 25. Ke3 c5 26. Rc7 Bc6 27. h4 Rf7 28. Rc8+ Rf8 29. Rc7 Rf7 1/2-1/2

[Event "Topusko op 4th"]
[Site "Topusko"]
[Date "2015.08.05"]
[Round "6"]
[White "Mudrinic, Nenad"]
[Black "Brigljevic, Iva Mila"]
[Result "1/2-1/2"]
[WhiteElo "1745"]
[BlackElo "1894"]
[PlyCount "77"]
[EventDate "2015.08.01"]
[EventType "swiss"]
[EventRounds "9"]
[EventCountry "CRO"]
[SourceTitle "CBM 167 Extra"]
[Source "ChessBase"]
[SourceDate "2015.09.14"]
[SourceVersion "1"]
[SourceVersionDate "2015.09.14"]
[SourceQuality "1"]

1. c4 Nf6 2. g3 g6 3. Bg2 Bg7 4. Nc3 c6 5. Nf3 d5 6. cxd5 cxd5 7. e3 0-0 8. 0-0 Nc6 9. d4 Bg4 10. h3 Bxf3 11. Qxf3 e6 12. b3 Rc8 13. Ba3 Re8 14. Bc5 b6 15. Ba3 a6 16. Rac1 b5 17. Bc5 Bf8 18. Bxf8 Kxf8 19. a4 b4 20. Na2 Ne4 21. Qe2 Qb6 22. Bxe4 dxe4 23. Rc4 a5 24. Rfc1 Ne7 25. Qc2 Rxc4 26. bxc4 b3 27. Qb2 Rb8 28. Nc3 Qb4 29. Nxe4 Qxa4 30. d5 exd5 31. Qh8+ Ng8 32. Nf6 Ke7 33. Nxg8+ Rxg8 34. Qxg8 b2 35. Rf1 Qb3 36. Qg7 b1Q 37. Qe5+ Kf8 38. Qh8+ Ke7 39. Qe5+ 1/2-1/2

[Event "Topusko op 4th"]
[Site "Topusko"]
[Date "2015.08.03"]
[Round "4"]
[White "Vujnovic, Patricija"]
[Black "Brigljevic, Iva Mila"]
[Result "1-0"]
[WhiteElo "2101"]
[BlackElo "1894"]
[PlyCount "71"]
[EventDate "2015.08.01"]
[EventType "swiss"]
[EventRounds "9"]
[EventCountry "CRO"]
[SourceTitle "CBM 167 Extra"]
[Source "ChessBase"]
[SourceDate "2015.09.14"]
[SourceVersion "1"]
[SourceVersionDate "2015.09.14"]
[SourceQuality "1"]

1. Nf3 Nf6 2. b3 g6 3. Bb2 Bg7 4. d4 d5 5. e3 0-0 6. Bd3 c5 7. Nbd2 Nc6 8. a3 cxd4 9. exd4 Bg4 10. h3 Bxf3 11. Nxf3 Ne4 12. 0-0 e6 13. c4 Ng5 14. Ne5 Nxe5 15. dxe5 dxc4 16. bxc4 Qb6 17. Bc1 h6 18. Be3 Qc7 19. f4 Nh7 20. Qc2 Rfd8 21. Rab1 Nf8 22. Be4 Rac8 23. Bxb7 Qxc4 24. Qf2 Rc7 25. Rbc1 Qxc1 26. Rxc1 Rxb7 27. a4 Nd7 28. a5 Rb5 29. a6 Ra5 30. Rc7 Ra1+ 31. Kh2 Nxe5 32. fxe5 Bxe5+ 33. Bf4 Bxc7 34. Bxc7 Rc8 35. Be5 Ra5 36. Qf6 1-0

[Event "Topusko op 4th"]
[Site "Topusko"]
[Date "2015.08.02"]
[Round "3"]
[White "Brigljevic, Iva Mila"]
[Black "Siraj, Anej"]
[Result "1-0"]
[WhiteElo "1894"]
[BlackElo "1385"]
[PlyCount "63"]
[EventDate "2015.08.01"]
[EventType "swiss"]
[EventRounds "9"]
[EventCountry "CRO"]
[SourceTitle "CBM 167 Extra"]
[Source "ChessBase"]
[SourceDate "2015.09.14"]
[SourceVersion "1"]
[SourceVersionDate "2015.09.14"]
[SourceQuality "1"]

1. d4 d5 2. c4 e6 3. Nc3 Nf6 4. cxd5 exd5 5. Bg5 Be7 6. e3 Be6 7. Bd3 Nbd7 8. Qc2 c6 9. Nge2 Nb6 10. 0-0 Qc7 11. Nf4 h6 12. Bxf6 Bxf6 13. b4 0-0 14. a4 Qd6 15. b5 Bxd4 16. Nxe6 Bxc3 17. Rac1 Qxe6 18. Qxc3 Nxa4 19. Qc2 Nb6 20. bxc6 Rae8 21. cxb7 Re7 22. Bf5 Qd6 23. Bc8 Qb8 24. Qc5 Rfe8 25. Rfd1 Qe5 26. Qd4 Qb8 27. Qf4 Qxf4 28. exf4 Nd7 29. Bxd7 Rxd7 30. Rc8 Rde7 31. b8Q Kh7 32. Rxe8 1-0

[Event "Topusko op 4th"]
[Site "Topusko"]
[Date "2015.08.02"]
[Round "2"]
[White "Sabljak, Matija"]
[Black "Brigljevic, Iva Mila"]
[Result "1/2-1/2"]
[WhiteElo "1549"]
[BlackElo "1894"]
[PlyCount "85"]
[EventDate "2015.08.01"]
[EventType "swiss"]
[EventRounds "9"]
[EventCountry "CRO"]
[SourceTitle "CBM 167 Extra"]
[Source "ChessBase"]
[SourceDate "2015.09.14"]
[SourceVersion "1"]
[SourceVersionDate "2015.09.14"]
[SourceQuality "1"]

1. d4 Nf6 2. c4 g6 3. Nc3 d5 4. Nf3 Bg7 5. e3 0-0 6. Bd3 c5 7. 0-0 Nc6 8. dxc5 dxc4 9. Bxc4 Qa5 10. Qe2 Qxc5 11. Bd2 Bg4 12. h3 Bxf3 13. gxf3 Qf5 14. Kh2 Ne5 15. f4 Nxc4 16. Qxc4 Qc2 17. Qe2 Ne4 18. Nxe4 Qxe4 19. Rab1 Rac8 20. Qb5 Qc6 21. Qxc6 Rxc6 22. Bb4 Rc7 23. Rfd1 Rfc8 24. Kg2 e6 25. Rd2 Bf8 26. Bc3 Bg7 27. Bb4 b6 28. Rbd1 Bf6 29. b3 Rc2 30. Rxc2 Rxc2 31. Rd2 Rxd2 32. Bxd2 Kf8 33. Kf3 Ke7 34. Ke4 Kd6 35. Kd3 Kd5 36. b4 b5 37. e4+ Kc6 38. f3 a6 39. e5 Be7 40. Ke4 Bh4 41. Kd4 f5 42. exf6 Bxf6+ 43. Ke4 1/2-1/2

[Event "Busevec op U20 Girls 14th"]
[Site "Busevec"]
[Date "2015.05.02"]
[Round "5"]
[White "Urbanc, Ana"]
[Black "Brigljevic, Iva Mila"]
[Result "1-0"]
[WhiteElo "1522"]
[BlackElo "1842"]
[PlyCount "91"]
[EventDate "2015.05.01"]
[EventType "swiss (rapid)"]
[EventRounds "6"]
[EventCountry "CRO"]
[SourceTitle "CBM 166 Extra"]
[Source "ChessBase"]
[SourceDate "2015.06.18"]
[SourceVersion "1"]
[SourceVersionDate "2015.06.18"]
[SourceQuality "1"]

1. e4 e6 2. Nf3 d5 3. exd5 exd5 4. d4 Bd6 5. Bd3 Ne7 6. 0-0 0-0 7. Re1 c6 8. c3 Bf5 9. Bxf5 Nxf5 10. Ne5 f6 11. Nd3 Qc7 12. h3 Nd7 13. Qg4 Ne7 14. Bf4 f5 15. Bxd6 Qxd6 16. Qf4 Qxf4 17. Nxf4 Ng6 18. Nxg6 hxg6 19. Nd2 Rae8 20. Nf3 Re4 21. Nd2 Ree8 22. Nf3 Kf7 23. Ng5+ Kg8 24. Nf3 Nf6 25. Ne5 g5 26. Kf1 Ne4 27. f3 Nf6 28. Ng6 Rf7 29. Rxe8+ Nxe8 30. Re1 Nf6 31. Ne7+ Kf8 32. Nxf5 Ne4 33. Ne3 Ng3+ 34. Kf2 Ne4+ 35. Kg1 Nd6 36. Ng4 Rf4 37. Ne5 Kg8 38. Nd3 Rf7 39. Re5 Rf5 40. Re2 Rf7 41. Nc5 Kh7 42. Re5 Kg6 43. Kf2 Nc4 44. Re3 Kf6 45. b3 Nd6 46. Re6+ 1-0

[Event "CRO-chT U20 24th"]
[Site "Sv Filip i Jakov"]
[Date "2015.04.01"]
[Round "6.3"]
[White "Skocibusic, Davor"]
[Black "Brigljevic, Iva Mila"]
[Result "1/2-1/2"]
[WhiteElo "1711"]
[BlackElo "1842"]
[PlyCount "127"]
[EventDate "2015.03.30"]
[EventType "team-tourn"]
[EventRounds "11"]
[EventCountry "CRO"]
[SourceTitle "CBM 165 Extra"]
[Source "ChessBase"]
[SourceDate "2015.04.21"]
[SourceVersion "1"]
[SourceVersionDate "2015.04.21"]
[SourceQuality "1"]

1. a3 d5 2. d4 g6 3. Nf3 Bg7 4. e3 Nf6 5. Bd3 0-0 6. b3 c5 7. Bb2 Nc6 8. dxc5 Qa5+ 9. b4 Nxb4 10. axb4 Qxb4+ 11. Bc3 Qxc5 12. Bd4 Qb4+ 13. Qd2 Qd6 14. 0-0 Ng4 15. Rxa7 Rxa7 16. Bxa7 b6 17. Nc3 Bd7 18. Rb1 e5 19. e4 Bh6 20. Qe1 dxe4 21. Bxe4 f5 22. Rxb6 Qa3 23. Bd5+ Kh8 24. Rb7 Bc8 25. Nb5 Qa6 26. Rb6 Qa4 27. Bb3 Qf4 28. Na3 e4 29. Qd2 Qxd2 30. Nxd2 Bxd2 31. Rd6 Bc3 32. Nb5 Be5 33. Bd4 Bxd4 34. Nxd4 e3 35. fxe3 Nxe3 36. Kf2 Ng4+ 37. Kg1 Re8 38. Ne6 Bxe6 39. Bxe6 Ra8 40. Rd1 Ne3 41. Rc1 Rd8 42. c4 Kg7 43. c5 Kf6 44. Bb3 Rd2 45. c6 Rd8 46. h3 Ke5 47. Kf2 f4 48. g4 Rc8 49. Kf3 Rc7 50. Ba4 Nd5 51. Bb5 g5 52. Bc4 Nb4 53. Bb5 Kd6 54. Rd1+ Kc5 55. Rd7 Kb6 56. h4 gxh4 57. Kxf4 Nxc6 58. Rxc7 Kxc7 59. Bxc6 Kxc6 60. g5 Kd6 61. Kg4 Ke6 62. Kxh4 Kf7 63. Kg4 Kg6 64. Kf4 1/2-1/2

[Event "CRO-chT U20 24th"]
[Site "Sv Filip i Jakov"]
[Date "2015.03.30"]
[Round "2.5"]
[White "Mravic, Filip"]
[Black "Brigljevic, Iva Mila"]
[Result "0-1"]
[WhiteElo "1804"]
[BlackElo "1842"]
[PlyCount "100"]
[EventDate "2015.03.30"]
[EventType "team-tourn"]
[EventRounds "11"]
[EventCountry "CRO"]
[SourceTitle "CBM 165 Extra"]
[Source "ChessBase"]
[SourceDate "2015.04.21"]
[SourceVersion "1"]
[SourceVersionDate "2015.04.21"]
[SourceQuality "1"]

1. Nf3 Nf6 2. c4 d5 3. d4 g6 4. e3 Bg7 5. Bd3 0-0 6. 0-0 c5 7. b3 Nc6 8. Bb2 Bg4 9. dxc5 dxc4 10. Bxc4 Qa5 11. h3 Rfd8 12. Qe1 Bxf3 13. Qxa5 Nxa5 14. gxf3 Nxc4 15. bxc4 Rac8 16. Na3 Nd7 17. Bxg7 Kxg7 18. c6 Rxc6 19. Rfd1 Rcc8 20. f4 Nc5 21. Kf1 Ne4 22. f3 Rxd1+ 23. Rxd1 Nd6 24. Rc1 b6 25. Ke2 Rc5 26. Kd3 Rh5 27. Rh1 Ra5 28. Nc2 Rxa2 29. Ra1 Rxa1 30. Nxa1 Kf6 31. Nb3 Ke6 32. e4 Kd7 33. c5 bxc5 34. Nxc5+ Kc6 35. Nb3 Kb6 36. Kc3 a5 37. Nd2 Kb5 38. e5 Nb7 39. Nb3 a4 40. Nd4+ Kc5 41. Nc2 Na5 42. Na3 Nb3 43. Nc2 Nc1 44. Kd2 Na2 45. Na3 Kb4 46. Nc2+ Kc4 47. Ne3+ Kb3 48. Nc2 Nb4 49. Nd4+ Kc4 50. Ne2 a3 0-1

[Event "CRO-chT (Women)"]
[Site "Bol"]
[Date "2014.10.10"]
[Round "7.3"]
[White "Brigljevic, Iva Mila"]
[Black "Raguz, Ivanka"]
[Result "1/2-1/2"]
[WhiteElo "1664"]
[BlackElo "1895"]
[PlyCount "119"]
[EventDate "2014.10.04"]
[EventType "team-tourn"]
[EventRounds "7"]
[EventCountry "CRO"]
[SourceTitle "CBM 162 Extra"]
[Source "ChessBase"]
[SourceDate "2014.10.17"]
[SourceVersion "1"]
[SourceVersionDate "2014.10.17"]
[SourceQuality "1"]
[WhiteTeam "Sisak (W)"]
[BlackTeam "Djakovo (W)"]
[WhiteTeamCountry "CRO"]
[BlackTeamCountry "CRO"]

1. d4 Nf6 2. c4 e6 3. Nc3 Bb4 4. Bd2 c5 5. a3 cxd4 6. axb4 dxc3 7. Bxc3 0-0 8. Nf3 d5 9. b3 Ne4 10. Qc2 Nc6 11. e3 Qe7 12. c5 e5 13. b5 Nxc3 14. Qxc3 d4 15. Qd2 dxe3 16. Qxe3 Nb4 17. Rc1 Bf5 18. Qd2 e4 19. Nd4 Nd3+ 20. Bxd3 exd3+ 21. Qe3 d2+ 22. Kxd2 Qd7 23. Kc3 Rfe8 24. Qg5 Re5 25. b4 h6 26. Qg3 Rae8 27. Rhd1 Qc8 28. Nxf5 Qxf5 29. Qf3 Qc8 30. Qh3 f5 31. Qd3 a5 32. bxa5 Qxc5+ 33. Qc4+ Qxc4+ 34. Kxc4 Re4+ 35. Kb3 R8e5 36. Rc8+ Kh7 37. b6 Rxa5 38. Kc3 Rb5 39. Rc7 Rxb6 40. Rdd7 Rc6+ 41. Rxc6 bxc6 42. Kd3 Re6 43. Rc7 Kg6 44. f4 Kf6 45. h3 g5 46. g3 Kg6 47. fxg5 hxg5 48. h4 f4 49. gxf4 gxf4 50. Rc8 Kh5 51. Rf8 Kg4 52. h5 Re3+ 53. Kd4 Rh3 54. Ke4 Re3+ 55. Kd4 Re6 56. Rf7 f3 57. Rf8 Kg3 58. Rg8+ Kf2 59. Rg6 c5+ 60. Kd5 1/2-1/2

[Event "CRO-chT (Women)"]
[Site "Bol"]
[Date "2014.10.06"]
[Round "3.1"]
[White "Brigljevic, Iva Mila"]
[Black "Saric, Zrinka"]
[Result "0-1"]
[WhiteElo "1664"]
[BlackElo "2115"]
[PlyCount "72"]
[EventDate "2014.10.04"]
[EventType "team-tourn"]
[EventRounds "7"]
[EventCountry "CRO"]
[SourceTitle "CBM 162 Extra"]
[Source "ChessBase"]
[SourceDate "2014.10.17"]
[SourceVersion "1"]
[SourceVersionDate "2014.10.17"]
[SourceQuality "1"]
[WhiteTeam "Sisak (W)"]
[BlackTeam "Rijeka Liburnija (W)"]
[WhiteTeamCountry "CRO"]
[BlackTeamCountry "CRO"]

1. d4 d5 2. c4 e6 3. Nc3 Bb4 4. Nf3 Nf6 5. Bg5 Nbd7 6. cxd5 exd5 7. e3 c5 8. Bd3 Qa5 9. Qc2 c4 10. Bf5 0-0 11. Nd2 g6 12. Bh3 Re8 13. 0-0 Kg7 14. a3 Bxc3 15. bxc3 Ne4 16. Nxe4 dxe4 17. Bxd7 Bxd7 18. Bf4 Re6 19. Rfb1 Ba4 20. Qd2 Qd5 21. Rb4 Bb3 22. a4 Ra6 23. h3 Rd8 24. Qb2 Qc6 25. Qa3 Rd5 26. a5 b6 27. Qb2 Raxa5 28. Rxa5 Rxa5 29. Qb1 Ra3 30. Qc1 Ra2 31. Qb1 Qd5 32. Kh2 b5 33. Be5+ f6 34. Bc7 a5 35. Bxa5 Rxa5 36. Qe1 Ra2 0-1

[Event "Kozje op 1st"]
[Site "Kozje"]
[Date "2014.08.29"]
[Round "4"]
[White "Brigljevic, Iva Mila"]
[Black "Jaksa, Cvetko"]
[Result "0-1"]
[WhiteElo "1563"]
[BlackElo "1966"]
[PlyCount "52"]
[EventDate "2014.08.28"]
[EventType "swiss"]
[EventRounds "9"]
[EventCountry "SLO"]
[SourceTitle "EXT 2019"]
[Source "ChessBase"]
[SourceDate "2018.10.10"]
[SourceVersion "1"]
[SourceVersionDate "2018.10.10"]
[SourceQuality "1"]

1. d4 e6 2. c4 b6 3. Nf3 Bb7 4. e3 Nf6 5. Qc2 Ne4 6. Bd3 Bb4+ 7. Nc3 Bxc3+ 8. bxc3 f5 9. Ba3 d6 10. 0-0-0 0-0 11. c5 Rf7 12. cxd6 cxd6 13. Bxe4 fxe4 14. Ng1 d5 15. f4 Nc6 16. Kd2 Na5 17. Ke1 Rc8 18. Bc1 Ba6 19. Bd2 Bd3 20. Qb2 Nc4 21. Qb3 g5 22. Nh3 gxf4 23. Nxf4 Qh4+ 24. g3 Qg4 25. Kf2 Qe2+ 26. Kg1 Rxf4 0-1

[Event "Kozje op 1st"]
[Site "Kozje"]
[Date "2014.08.29"]
[Round "5"]
[White "Vidmar, Klara"]
[Black "Brigljevic, Iva Mila"]
[Result "0-1"]
[WhiteElo "1298"]
[BlackElo "1563"]
[PlyCount "80"]
[EventDate "2014.08.28"]
[EventType "swiss"]
[EventRounds "9"]
[EventCountry "SLO"]
[SourceTitle "EXT 2019"]
[Source "ChessBase"]
[SourceDate "2018.10.10"]
[SourceVersion "1"]
[SourceVersionDate "2018.10.10"]
[SourceQuality "1"]

1. e4 e6 2. d4 d5 3. Nc3 Nf6 4. e5 Nfd7 5. Nf3 c5 6. Be3 Nc6 7. dxc5 Ncxe5 8. Nxe5 Nxe5 9. Be2 Be7 10. 0-0 0-0 11. f4 Nc6 12. a3 d4 13. Bxd4 Qxd4+ 14. Qxd4 Nxd4 15. Bd3 Bxc5 16. Kh1 Bd7 17. Ne4 Be7 18. Rad1 Bc6 19. Nc3 Rfd8 20. Rde1 Bf6 21. Ne4 Bxe4 22. Bxe4 Nc6 23. b3 Rd2 24. Rd1 Rxd1 25. Rxd1 Rd8 26. Rxd8+ Bxd8 27. Kg1 h6 28. Kf2 Bb6+ 29. Ke2 Kf8 30. a4 Ke7 31. Kd3 Nb4+ 32. Kc4 Nd5 33. Bxd5 exd5+ 34. Kxd5 Bc7 35. Ke4 Ke6 36. g3 f5+ 37. Kf3 Kd5 38. Ke3 Bb6+ 39. Kd3 Bg1 40. h3 Bh2 0-1

[Event "Kozje op 1st"]
[Site "Kozje"]
[Date "2014.08.28"]
[Round "1"]
[White "Logar, Metod"]
[Black "Brigljevic, Iva Mila"]
[Result "1/2-1/2"]
[WhiteElo "2056"]
[BlackElo "1563"]
[PlyCount "126"]
[EventDate "2014.08.28"]
[EventType "swiss"]
[EventRounds "9"]
[EventCountry "SLO"]
[SourceTitle "EXT 2019"]
[Source "ChessBase"]
[SourceDate "2018.10.10"]
[SourceVersion "1"]
[SourceVersionDate "2018.10.10"]
[SourceQuality "1"]

1. e4 e6 2. d4 d5 3. Nc3 Nf6 4. e5 Nfd7 5. f4 c5 6. Nf3 Nc6 7. Be3 Qb6 8. Qd2 Qxb2 9. Rb1 Qa3 10. Nb5 Qxa2 11. Qc1 Qa5+ 12. Kf2 c4 13. Be2 a6 14. Nd6+ Bxd6 15. exd6 Nf6 16. Ne5 Ne4+ 17. Kf1 Nxd6 18. Nxc6 bxc6 19. Bd2 Qc7 20. Bb4 0-0 21. h4 Rd8 22. Rh3 Ne4 23. Ra3 Qa7 24. Qe3 Bd7 25. Rba1 Qb7 26. Ba5 Rdb8 27. Bxc4 Nd2+ 28. Qxd2 dxc4 29. Qc3 Qb5 30. Bc7 Rb7 31. Bd6 Rba7 32. Ra5 Qb7 33. Bc5 Qb8 34. Bxa7 Qxf4+ 35. Qf3 Qxf3+ 36. gxf3 Rxa7 37. Rxa6 Rxa6 38. Rxa6 Kf8 39. Ke2 Ke7 40. Kd2 Kd6 41. Kc3 e5 42. Kxc4 Be6+ 43. Kc3 Bd5 44. Ra7 Ke6 45. dxe5 Kxe5 46. Kd2 Kf4 47. Kd3 Kxf3 48. c4 Be6 49. Rc7 Kg4 50. Rxc6 Bf5+ 51. Ke3 Kxh4 52. Rd6 h5 53. c5 g5 54. Rf6 Bc8 55. Rxf7 g4 56. Kf4 Kh3 57. Rh7 h4 58. Kg5 g3 59. Rxh4+ Kg2 60. Kf4 Kf2 61. Rh8 g2 62. Rg8 g1Q 63. Rxg1 Kxg1 1/2-1/2

[Event "Topusko op 3rd"]
[Site "Topusko"]
[Date "2014.08.12"]
[Round "6"]
[White "Brigljevic, Iva Mila"]
[Black "Nastro, Federico"]
[Result "0-1"]
[WhiteElo "1620"]
[BlackElo "1934"]
[PlyCount "94"]
[EventDate "2014.08.08"]
[EventType "swiss"]
[EventRounds "9"]
[EventCountry "CRO"]
[SourceTitle "CBM 162 Extra"]
[Source "ChessBase"]
[SourceDate "2014.10.17"]
[SourceVersion "1"]
[SourceVersionDate "2014.10.17"]
[SourceQuality "1"]

1. d4 Nf6 2. c4 c5 3. Nf3 e6 4. d5 exd5 5. cxd5 d6 6. Nc3 g6 7. e4 Bg7 8. Bd3 Bg4 9. 0-0 0-0 10. Bg5 a6 11. a4 Nbd7 12. h3 Bxf3 13. Qxf3 Ne5 14. Qe3 Nxd3 15. Qxd3 Qc7 16. Bxf6 Bxf6 17. Qc4 Rfe8 18. Rac1 Qa5 19. Ra1 Qb4 20. Qe2 Bxc3 21. bxc3 Qxe4 22. Qxe4 Rxe4 23. Rfb1 Re7 24. Rb6 Rd8 25. Rab1 Rdd7 26. f3 Kg7 27. Kf2 Kf8 28. c4 Ke8 29. a5 Kd8 30. R6b2 Kc8 31. Re2 Rxe2+ 32. Kxe2 Re7+ 33. Kd3 Kc7 34. Ra1 b6 35. axb6+ Kxb6 36. Rb1+ Ka7 37. Kd2 a5 38. Rb5 Ka6 39. Rb1 Rb7 40. Rxb7 Kxb7 41. Kc3 a4 42. Kb2 Kb6 43. Ka2 Ka5 44. Ka3 g5 45. g3 f6 46. h4 gxh4 47. gxh4 h5 0-1

[Event "Topusko op 3rd"]
[Site "Topusko"]
[Date "2014.08.11"]
[Round "5"]
[White "Takac, Zvonko"]
[Black "Brigljevic, Iva Mila"]
[Result "1/2-1/2"]
[WhiteElo "2062"]
[BlackElo "1620"]
[PlyCount "68"]
[EventDate "2014.08.08"]
[EventType "swiss"]
[EventRounds "9"]
[EventCountry "CRO"]
[SourceTitle "CBM 162 Extra"]
[Source "ChessBase"]
[SourceDate "2014.10.17"]
[SourceVersion "1"]
[SourceVersionDate "2014.10.17"]
[SourceQuality "1"]

1. d4 Nf6 2. c4 g6 3. Nc3 d5 4. cxd5 Nxd5 5. e4 Nxc3 6. bxc3 Bg7 7. Bc4 0-0 8. Ne2 c5 9. 0-0 Nc6 10. Be3 Bg4 11. f3 Na5 12. Bd3 cxd4 13. cxd4 Be6 14. d5 Bxa1 15. Qxa1 f6 16. Bh6 Re8 17. Qd4 Bd7 18. e5 Qb6 19. e6 Qxd4+ 20. Nxd4 Ba4 21. Bd2 b6 22. Ba6 Rad8 23. Bxa5 bxa5 24. Bb7 Rb8 25. Rb1 Rec8 26. Bxc8 Rxb1+ 27. Kf2 Rb8 28. Ba6 Rb6 29. Bc8 f5 30. Ke3 Be8 31. h3 Rb8 32. Ba6 Rb6 33. Bc8 Rb8 34. Ba6 Rb6 1/2-1/2

[Event "Busevec op U20 Girls 13th"]
[Site "Busevec"]
[Date "2014.04.27"]
[Round "4"]
[White "Brigljevic, Iva Mila"]
[Black "Krmpotic, Klara"]
[Result "1-0"]
[WhiteElo "1559"]
[BlackElo "1547"]
[PlyCount "69"]
[EventDate "2014.04.26"]
[EventType "swiss (rapid)"]
[EventRounds "6"]
[EventCountry "CRO"]
[SourceTitle "EXT 2015"]
[Source "ChessBase"]
[SourceDate "2014.11.20"]
[SourceVersion "1"]
[SourceVersionDate "2014.11.20"]
[SourceQuality "1"]

1. d4 Nf6 2. Bg5 g6 3. Nc3 Bg7 4. Qd2 0-0 5. 0-0-0 d5 6. f3 c6 7. g4 b5 8. h4 a5 9. h5 a4 10. hxg6 fxg6 11. Bh6 Rf7 12. Nh3 b4 13. Nb1 b3 14. cxb3 axb3 15. a3 Qb6 16. Bxg7 Rxg7 17. g5 Ne8 18. e3 Ra7 19. Nf4 Nc7 20. Nc3 Nb5 21. Nfxd5 cxd5 22. Bxb5 Rc7 23. Kb1 e6 24. Rc1 Qa5 25. Bd3 Ba6 26. Rhd1 Bxd3+ 27. Qxd3 Nd7 28. Qb5 Qxb5 29. Nxb5 Rxc1+ 30. Rxc1 Nb6 31. Rc6 Nc4 32. Rxe6 Nd2+ 33. Kc1 Nxf3 34. Re8+ Kf7 35. Nd6# 1-0

[Event "Busevec op U20 Girls 13th"]
[Site "Busevec"]
[Date "2014.04.27"]
[Round "6"]
[White "Smetisko, Lucija"]
[Black "Brigljevic, Iva Mila"]
[Result "0-1"]
[WhiteElo "1732"]
[BlackElo "1559"]
[PlyCount "60"]
[EventDate "2014.04.26"]
[EventType "swiss (rapid)"]
[EventRounds "6"]
[EventCountry "CRO"]
[SourceTitle "EXT 2015"]
[Source "ChessBase"]
[SourceDate "2014.11.20"]
[SourceVersion "1"]
[SourceVersionDate "2014.11.20"]
[SourceQuality "1"]

1. e4 e6 2. d4 d5 3. exd5 exd5 4. Nc3 c6 5. Bf4 Bb4 6. Qd3 Ne7 7. Nf3 Bf5 8. Qd1 0-0 9. Bd3 Nd7 10. 0-0 Nf6 11. Bg5 Qd6 12. Ne5 Bxc3 13. bxc3 Bxd3 14. Qxd3 Ne4 15. Bf4 Qa3 16. f3 Nxc3 17. Rfe1 Nb5 18. Qxa3 Nxa3 19. Bc1 Nxc2 20. Ba3 Nxa3 21. Rac1 Rfe8 22. Rc3 Nb5 23. Rd3 Ng6 24. Kf1 Nxe5 25. dxe5 Rad8 26. f4 b6 27. a4 Nc7 28. Rc3 c5 29. Rc2 d4 30. Rd1 Nd5 0-1

[Event "Sisak op (Women)"]
[Site "Sisak"]
[Date "2014.04.18"]
[Round "3.1"]
[White "Ivekovic, Ana"]
[Black "Brigljevic, Iva Mila"]
[Result "1/2-1/2"]
[WhiteElo "2079"]
[BlackElo "1588"]
[PlyCount "58"]
[EventDate "2014.04.16"]
[EventType "swiss"]
[EventRounds "5"]
[EventCountry "CRO"]
[SourceTitle "EXT 2023"]
[Source "ChessBase"]
[SourceDate "2022.10.05"]
[SourceVersion "1"]
[SourceVersionDate "2022.10.05"]
[SourceQuality "1"]

1. d4 Nf6 2. c4 g6 3. Nc3 d5 4. Bg5 Ne4 5. Bf4 Nxc3 6. bxc3 Bg7 7. Nf3 c5 8. Be5 f6 9. Bxb8 Rxb8 10. Qa4+ Bd7 11. Qxa7 cxd4 12. Qxd4 dxc4 13. e3 b5 14. Rd1 Bc6 15. Qxd8+ Rxd8 16. Nd4 Rd6 17. Rb1 f5 18. f3 0-0 19. a4 bxa4 20. Bxc4+ Bd5 21. Bxd5+ Rxd5 22. 0-0 a3 23. Rb3 Ra8 24. Ra1 a2 25. Rb2 Rc5 26. Rbxa2 Rxa2 27. Rxa2 Rxc3 28. Nc2 Kf7 29. Kf2 Rc7 1/2-1/2

[Event "CRO-chT U16 Girls (2013) final"]
[Site "Rijeka"]
[Date "2014.01.10"]
[Round "3.1"]
[White "Vujic, Agata"]
[Black "Brigljevic, Iva Mila"]
[Result "0-1"]
[WhiteElo "1606"]
[BlackElo "1583"]
[PlyCount "90"]
[EventDate "2014.01.09"]
[EventType "team-tourn"]
[EventRounds "5"]
[EventCountry "CRO"]
[SourceTitle "EXT 2023"]
[Source "ChessBase"]
[SourceDate "2022.10.05"]
[SourceVersion "1"]
[SourceVersionDate "2022.10.05"]
[SourceQuality "1"]

1. e4 e6 2. d4 d5 3. exd5 exd5 4. Bd3 Bd6 5. c3 c6 6. Qf3 Nf6 7. h3 Be6 8. Bg5 Nbd7 9. Ne2 Qc7 10. 0-0 0-0-0 11. Nd2 h6 12. Bf4 g5 13. Bxd6 Qxd6 14. Qg3 Qe7 15. a4 Rdg8 16. a5 h5 17. a6 b6 18. b4 h4 19. Qh2 g4 20. Nf4 gxh3 21. Nxh3 Nh5 22. Rfe1 Qf6 23. Qd6 Bxh3 24. Qxf6 Nhxf6 25. Kh1 Bxg2+ 26. Kh2 h3 27. f3 Bxf3 28. Nxf3 Ng4+ 29. Kg3 Nge5+ 30. Kh2 Nxf3+ 31. Kh1 Nxe1 32. Rxe1 Kd8 33. Rf1 h2 34. Be2 Rg1+ 35. Rxg1 hxg1Q+ 36. Kxg1 Rh3 37. c4 Re3 38. Kf2 Rxe2+ 39. Kxe2 dxc4 40. Kd2 b5 41. Kc3 f5 42. Kd2 f4 43. Ke2 c3 44. Kd3 f3 45. Kxc3 f2 0-1

[Event "CRO-chT U16 Girls (2013) final"]
[Site "Rijeka"]
[Date "2014.01.09"]
[Round "2"]
[White "Brigljevic, Iva Mila"]
[Black "Golub, Nikolina"]
[Result "1/2-1/2"]
[WhiteElo "1583"]
[BlackElo "1463"]
[PlyCount "33"]
[EventDate "2014.01.09"]
[EventType "team-tourn"]
[EventRounds "5"]
[EventCountry "CRO"]
[SourceTitle "EXT 2023"]
[Source "ChessBase"]
[SourceDate "2022.10.05"]
[SourceVersion "1"]
[SourceVersionDate "2022.10.05"]
[SourceQuality "1"]

1. d4 Nf6 2. c4 d6 3. Nc3 e5 4. dxe5 dxe5 5. Qxd8+ Kxd8 6. Bg5 c6 7. 0-0-0+ Kc7 8. Nf3 Nbd7 9. a3 a5 10. e3 h6 11. Bxf6 gxf6 12. Be2 Nb6 13. Ne4 Be7 14. c5 Nd5 15. Nd6 Be6 16. Bc4 Rad8 17. e4 1/2-1/2

[Event "Valpovo op (Women)"]
[Site "Valpovo"]
[Date "2013.12.07"]
[Round "3"]
[White "Roklicer, Heike"]
[Black "Brigljevic, Iva Mila"]
[Result "1-0"]
[WhiteElo "1763"]
[BlackElo "1584"]
[PlyCount "57"]
[EventDate "2013.12.06"]
[EventType "swiss"]
[EventRounds "7"]
[EventCountry "CRO"]
[SourceTitle "CBM 157 Extra"]
[Source "ChessBase"]
[SourceDate "2013.12.19"]
[SourceVersion "1"]
[SourceVersionDate "2013.12.19"]
[SourceQuality "1"]

1. d4 Nf6 2. c4 g6 3. Nc3 d5 4. Nf3 Bg7 5. Qb3 dxc4 6. Qxc4 0-0 7. e4 Na6 8. h3 c5 9. Be3 b5 10. Qxb5 Rb8 11. Qe2 Qa5 12. Qd2 Rd8 13. Be2 cxd4 14. Nxd4 e5 15. Nc6 Rxd2 16. Nxa5 Rdxb2 17. Nc6 Nb4 18. Nxb4 R8xb4 19. Bd3 Be6 20. Bc1 Bc4 21. Bxb2 Bxd3 22. Rd1 Bxe4 23. Rd8+ Bf8 24. Ba3 Rb1+ 25. Nxb1 Nd7 26. Rxf8+ Nxf8 27. Bxf8 Bxg2 28. Rg1 Be4 29. Nd2 1-0